000 01286nam a22003494a 4500
001 ebr10112712
003 CaPaEBR
006 m u
007 cr cn|||||||||
008 030820s2002 caua sb 001 0 eng
010 _z 2003272464
020 _z0738424609
040 _aCaPaEBR
_cCaPaEBR
035 _a(OCoLC)560314280
050 1 4 _aHF5548.32
_b.D395 2002eb
245 0 0 _aDB2 UDB's high function business intelligence in e-business
_h[electronic resource] /
_c[Nagraj Alur ... et al.].
250 _a1st ed.
260 _aSan Jose, Calif. :
_bIBM Corp.,
_c2002.
300 _axxii, 252 p. :
_bill.
490 1 _aIBM redbooks
504 _aIncludes bibliographical references and index.
533 _aElectronic reproduction.
_bPalo Alto, Calif. :
_cebrary,
_d2013.
_nAvailable via World Wide Web.
_nAccess may be limited to ebrary affiliated libraries.
630 0 0 _aIBM Database 2.
650 0 _aElectronic commerce.
650 0 _aBusiness intelligence.
650 0 _aDatabase management.
655 7 _aElectronic books.
_2local
700 1 _aAlur, Nagraj.
710 2 _aebrary, Inc.
830 0 _aIBM redbooks.
856 4 0 _uhttp://site.ebrary.com/lib/rucke/Doc?id=10112712
_zAn electronic book accessible through the World Wide Web; click to view
999 _c211172
_d211172